000
00379nam a2200133Ia 4500
008
100328s9999 xx 000 0 und d
082
_b
29306
100
_a
आपटे ह.ना.
245
_a
विदग वाङ्मय
260
_b
आर्यभूषण
630
_a
विदग वाङ्मय
730
_a
विदग वाङ्मय
942
_c
BOOK
999
_c
520348
_d
520345